| 000 | 01005nam a2200241 ar4500 | ||
|---|---|---|---|
| 001 | 3247 | ||
| 005 | 20221127090716.0 | ||
| 008 | 130505s su 00010|ara d | ||
| 020 | _a9789960546469 | ||
| 082 | 0 | 4 |
_a378.106 _bب552 |
| 100 | 1 | _aبوك، ديريك. | |
| 245 | 1 | 0 |
_aجامعات في السوق / _cديريك بوك ؛ ترجمة سوسن مستو ؛ مراجعة عبدالله عيتاني. |
| 250 | _aط. 1. | ||
| 260 |
_aالرياض : _bمكتبة العبيكان، _c2009. |
||
| 300 |
_a244 ص ؛ _c24 سم. |
||
| 440 | 0 |
_aمشروع الترجمة المشترك ؛ _v36. |
|
| 500 | _aترجمة لكتاب: Universities in the marketplace / Derek Bok. 2003. | ||
| 504 | _aيتضمن المصادر ص211-244. | ||
| 650 | 4 |
_aالجامعات والكليات _xاغراضه واهدافه. |
|
| 650 | 4 |
_aالتعليم العالي _xاقتصاديات. |
|
| 650 | 4 |
_aالتعليم الخاص _xالجوانب الاقتصادية. |
|
| 700 | 0 |
_aمستو، سوسن، _eمترجم. |
|
| 999 |
_c3245 _d3245 |
||